000 00712nam a2200253Ia 4500
003 OSt
005 20220925192437.0
006 a|||||r|||| 00| 0
007 ta
008 220923b |||||||| |||| 00| 0 eng d
020 _a0335191002
037 _cGeneral Book
040 _aRTL
_cRTL
_beng
041 _2eng
_aeng
082 _aY9(L:4:51), N4
100 _aAshton John
_9153816
245 0 _aEpidemiological imagination
_b A reader
260 _aBuckingham
_bOpen University Press
_c1994
300 _ax, 290p
_ccm.
500 _aBibiliography Chapterwise
650 _aSociology of medicine
942 _hY9(L:4:51), N4
_cGB
_2CC
999 _c522168
_d522168